000 00478nam a2200193Ia 4500
008 210210b2019 xxu||||| |||| 00| 0 eng d
041 _aeng
082 _a519.5 KUSQ
100 _aKUSHALAPPA (S)
245 _aQuantitative techniques II
260 _aMumbai
_bHimalaya Publishing House
_c2019
300 _a220
650 _atechniques
650 _aQuantitative
650 _aII
690 _aMathematical Statistics
700 _aKUNDER (Sharmila)
906 _a073888
999 _c123627
_d123627